000 00924cam a2200241 4500
001 WB3611-13
008 000000n2000 000 0 eng u
035 _a(Sirsi) u104879
245 _aImproving office productivity: a practical initiative
260 _c2000
490 _aResearch Focus
_v (40) February 2000, 1(1)
520 _aOutlines a research project funded by the DETR Partners in Innovation Scheme, which aims to promote greater understanding of the interaction between offices and staff productivity. For further information on the project, please contact Paul Bartlett on 01379 678899 or [email protected]
590 _aWB
650 _aDETR
650 _aRESEARCH PROJECTS
650 _aPRODUCTIVITY
650 _aSTAFF PERFORMANCE
650 _aPARTNERS IN INNOVATION
650 _aOFFICE DESIGN
650 _aOFFICE LAYOUT
690 _aMANAGEMENT-FACILITIES MANAGEMENT
942 _n0
999 _c62913
_d62913